Nghìn xưa văn hiến
Giới thiệu về Văn Lang, Âu Lạc thời dựng nước. Đề cập đến một ngàn năm đấu tranh giành độc lập.
Đã lưu trong:
| Tác giả chính: | |
|---|---|
| Định dạng: | Sách |
| Năm xuất bản: |
H.
Thanh niên
1999
|
| Chủ đề: | |
| Tags: |
Thêm thẻ
Không có thẻ, Hãy là người đầu tiên gắn thẻ bản ghi này!
|
| LEADER | 01500nam a2200229 4500 | ||
|---|---|---|---|
| 082 | |a 959.7012 |b PH105K | ||
| 100 | |a Phan Kế Bính | ||
| 245 | |a Nghìn xưa văn hiến |c Phan Kế Bính | ||
| 260 | |a H. |b Thanh niên |c 1999 | ||
| 300 | |a 234tr. |c 19cm | ||
| 520 | |a Giới thiệu về Văn Lang, Âu Lạc thời dựng nước. Đề cập đến một ngàn năm đấu tranh giành độc lập. | ||
| 653 | |a Lịch sử | ||
| 653 | |a Văn hiến | ||
| 653 | |a Thời Hùng Vương | ||
| 653 | |a Việt Nam | ||
| 942 | |2 ddc |c STK0 | ||
| 999 | |c 3762 |d 3762 | ||
| 952 | |0 0 |1 0 |2 ddc |4 0 |6 959_701200000000000_PH105K |7 1 |8 900 |9 38613 |a qbu |b qbu |c D5 |d 2014-12-17 |g 18000 |o 959.7012 PH105K |p 4123.C1 |r 0000-00-00 |w 2014-12-17 |y STK0 |0 0 |6 959_701200000000000_PH105K | ||
| 952 | |0 0 |1 0 |2 ddc |4 0 |6 959_701200000000000_PH105K |7 0 |8 900 |9 38614 |a qbu |b qbu |c D5 |d 2014-12-17 |g 18000 |o 959.7012 PH105K |p 4123.C2 |r 0000-00-00 |w 2014-12-17 |y STK0 |0 0 |6 959_701200000000000_PH105K | ||
| 952 | |0 0 |1 0 |2 ddc |4 0 |6 959_701200000000000_PH105K |7 0 |8 900 |9 38615 |a qbu |b qbu |c D5 |d 2014-12-17 |g 18000 |o 959.7012 PH105K |p 4123.C3 |r 0000-00-00 |w 2014-12-17 |y STK0 |0 0 |6 959_701200000000000_PH105K | ||
| 952 | |0 0 |1 0 |2 ddc |4 0 |6 959_701200000000000_PH105K |7 0 |8 900 |9 38616 |a qbu |b qbu |c D5 |d 2014-12-17 |g 18000 |o 959.7012 PH105K |p 4123.C4 |r 2015-10-29 |w 2014-12-17 |y STK0 |0 0 |6 959_701200000000000_PH105K | ||
| 952 | |0 0 |1 0 |2 ddc |4 0 |6 959_701200000000000_PH105K |7 0 |8 900 |9 38617 |a qbu |b qbu |c D5 |d 2014-12-17 |g 18000 |o 959.7012 PH105K |p 4123.C5 |r 0000-00-00 |w 2014-12-17 |y STK0 |0 0 |6 959_701200000000000_PH105K | ||